000 00168nam a22000857a 4500
999 _c65411
_d65408
082 _a297.122ABD
100 _aماجدی
245 _aالقرآن تفسیر
942 _cBK